[Event "Danish CPH 2023 for 50+ and 65+"]
[Site "Nyhavnsgade 14, 2. sal. 9000 Aalborg"]
[Date "2023.02.21"]
[Round "3.3"]
[White "Pors, Kim"]
[Black "Nielsen, Niels-Peter"]
[Result "1/2-1/2"]
[BlackElo "2030"]
[WhiteElo "1406"]
[LiveChessVersion "1.4.8"]

1. c4 {[%clk 1:30:55]} e5 {[%clk 1:30:56]} 2. Nf3 {[%clk 1:31:03]} Nc6
{[%clk 1:29:38]} 3. d3 {[%clk 1:29:55]} Nf6 {[%clk 1:29:08]} 4. Nc3
{[%clk 1:29:57]} h6 {[%clk 1:28:05]} 5. g3 {[%clk 1:28:16]} d6 {[%clk 1:26:29]}
6. Bg2 {[%clk 1:27:52]} Be6 {[%clk 1:26:09]} 7. b3 {[%clk 1:22:21]} Qd7
{[%clk 1:25:32]} 8. h3 {[%clk 1:16:45]} Be7 {[%clk 1:24:19]} 9. Bb2
{[%clk 1:17:02]} O-O {[%clk 1:21:47]} 10. O-O {[%clk 1:12:01]} Bxh3
{[%clk 1:22:02]} 11. Qd2 {[%clk 1:00:55]} Rfe8 {[%clk 1:15:57]} 12. Nh2
{[%clk 0:55:31]} Rad8 {[%clk 1:12:02]} 13. Rfd1 {[%clk 0:47:40]} Bxg2
{[%clk 1:11:00]} 14. Kxg2 {[%clk 0:47:49]} Nd4 {[%clk 1:11:01]} 15. e4
{[%clk 0:32:25]} c6 {[%clk 1:02:49]} 16. Ne2 {[%clk 0:30:37]} Nxe2
{[%clk 1:01:44]} 17. Qxe2 {[%clk 0:30:53]} Nh7 {[%clk 0:55:20]} 18. Rh1
{[%clk 0:28:37]} f5 {[%clk 0:49:37]} 19. exf5 {[%clk 0:28:29]} Qxf5
{[%clk 0:49:31]} 20. Qe3 {[%clk 0:21:49]} b6 {[%clk 0:47:23]} 21. Nf3
{[%clk 0:19:52]} Bf6 {[%clk 0:44:16]} 22. Nh4 {[%clk 0:14:44]} Bxh4
{[%clk 0:42:57]} 23. Rxh4 {[%clk 0:14:56]} Ng5 {[%clk 0:42:31]} 24. Rhh1
{[%clk 0:13:25]} Rf8 {[%clk 0:39:51]} 25. Raf1 {[%clk 0:12:09]} Qf3+
{[%clk 0:36:43]} 26. Qxf3 {[%clk 0:12:15]} Rxf3 {[%clk 0:36:59]} 27. Rd1
{[%clk 0:11:57]} Rdf8 {[%clk 0:37:12]} 28. Rhf1 {[%clk 0:11:34]} c5
{[%clk 0:32:16]} 29. Bc1 {[%clk 0:11:07]} Ne6 {[%clk 0:31:53]} 30. Be3
{[%clk 0:11:06]} R3f7 {[%clk 0:29:55]} 31. Rd2 {[%clk 0:09:30]} Re8
{[%clk 0:29:12]} 32. Rh1 {[%clk 0:09:36]} Nf8 {[%clk 0:29:10]} 33. Rdd1
{[%clk 0:08:13]} Nh7 {[%clk 0:29:13]} 34. Rd2 {[%clk 0:07:58]} Nf6
{[%clk 0:29:10]} 35. Rdd1 {[%clk 0:06:56]} Ref8 {[%clk 0:28:19]} 36. Rh4
{[%clk 0:06:37]} d5 {[%clk 0:27:08]} 37. Rf1 {[%clk 0:05:21]} d4 {[%clk 0:26:58]}
38. Bd2 {[%clk 0:05:30]} Re8 {[%clk 0:25:20]} 39. Re1 {[%clk 0:05:23]} g5
{[%clk 0:24:36]} 40. Rhh1 {[%clk 0:04:58]} Kg7 {[%clk 0:24:53]} 41. Rhf1
{[%clk 0:04:39]} e4 {[%clk 0:24:50]} 42. dxe4 {[%clk 0:02:28]} Rxe4
{[%clk 0:24:55]} 43. f3 {[%clk 0:29:53]} Ree7 {[%clk 0:54:41]} 44. g4
{[%clk 0:26:24]} Nd7 {[%clk 0:53:43]} 45. Rxe7 {[%clk 0:26:07]} Rxe7
{[%clk 0:54:11]} 46. Rf2 {[%clk 0:24:40]} Ne5 {[%clk 0:50:19]} 47. Kg3
{[%clk 0:21:29]} Nd3 {[%clk 0:49:26]} 48. Rg2 {[%clk 0:17:59]} Kg6
{[%clk 0:49:40]} 49. Rh2 {[%clk 0:15:55]} a5 {[%clk 0:49:39]} 50. a4
{[%clk 0:15:34]} Re6 {[%clk 0:48:43]} 51. Rg2 {[%clk 0:15:24]} Re7
{[%clk 0:47:20]} 52. Rh2 {[%clk 0:15:36]} Nb4 {[%clk 0:47:23]} 53. f4
{[%clk 0:12:19]} gxf4+ {[%clk 0:42:05]} 54. Bxf4 {[%clk 0:12:27]} Rh7
{[%clk 0:42:23]} 55. Re2 {[%clk 0:11:52]} Kf6 {[%clk 0:42:02]} 56. Be5+
{[%clk 0:11:43]} Kg6 {[%clk 0:41:11]} 57. Bf4 {[%clk 0:11:54]} Kf6
{[%clk 0:24:14]} 58. Be5+ {[%clk 0:12:03]} Kg6 {[%clk 0:24:03]} 59. Bf4
{[%clk 0:12:27]} Kf6 {[%clk 0:24:21]} 60. Be5+ {[%clk 0:12:51]} Kg6
{[%clk 0:23:21]} 1/2-1/2

[Event "Danish CPH 2023 for 50+ and 65+"]
[Site "Nyhavnsgade 14, 2. sal. 9000 Aalborg"]
[Date "2023.02.21"]
[Round "3.4"]
[White "Schacht, Jorgen Vejby"]
[Black "Gronhoj, Benny"]
[Result "0-1"]
[BlackElo "1929"]
[WhiteElo "1654"]
[LiveChessVersion "1.4.8"]

1. d4 {[%clk 1:30:57]} Nf6 {[%clk 1:30:47]} 2. c4 {[%clk 1:31:22]} d6
{[%clk 1:31:03]} 3. Nc3 {[%clk 1:31:37]} c6 {[%clk 1:30:49]} 4. e4
{[%clk 1:31:15]} Qc7 {[%clk 1:30:35]} 5. Nf3 {[%clk 1:30:31]} e5 {[%clk 1:30:06]}
6. h3 {[%clk 1:29:22]} Be7 {[%clk 1:29:20]} 7. Be2 {[%clk 1:27:16]} Nbd7
{[%clk 1:28:45]} 8. O-O {[%clk 1:27:25]} O-O {[%clk 1:28:44]} 9. Qc2
{[%clk 1:26:53]} a5 {[%clk 1:27:33]} 10. a4 {[%clk 1:25:42]} exd4
{[%clk 1:24:29]} 11. Nxd4 {[%clk 1:25:56]} Nc5 {[%clk 1:24:11]} 12. Bf4
{[%clk 1:19:15]} Re8 {[%clk 1:22:59]} 13. Rad1 {[%clk 1:08:34]} Bf8
{[%clk 1:18:25]} 14. Bf3 {[%clk 1:02:03]} Nfd7 {[%clk 1:17:12]} 15. Nb3
{[%clk 0:33:33]} Nxb3 {[%clk 1:12:10]} 16. Qxb3 {[%clk 0:33:59]} Ne5
{[%clk 1:09:19]} 17. Be2 {[%clk 0:32:02]} Bd7 {[%clk 1:08:11]} 18. Be3
{[%clk 0:29:33]} Re6 {[%clk 1:05:28]} 19. f4 {[%clk 0:27:40]} Rg6
{[%clk 1:00:59]} 20. fxe5 {[%clk 0:22:36]} Bxh3 {[%clk 1:00:47]} 21. Rf2
{[%clk 0:20:24]} d5 {[%clk 0:58:18]} 22. Bh5 {[%clk 0:15:44]} dxc4
{[%clk 0:47:46]} 23. Qxc4 {[%clk 0:14:00]} Be6 {[%clk 0:47:28]} 24. Qe2
{[%clk 0:12:38]} Rh6 {[%clk 0:43:39]} 25. Bxh6 {[%clk 0:10:48]} gxh6
{[%clk 0:44:02]} 26. Kh1 {[%clk 0:06:47]} Qxe5 {[%clk 0:42:09]} 27. Rdf1
{[%clk 0:05:04]} Bd6 {[%clk 0:41:21]} 28. g3 {[%clk 0:04:59]} Kh8
{[%clk 0:41:16]} 29. Qf3 {[%clk 0:03:34]} Be7 {[%clk 0:32:48]} 30. Qf4
{[%clk 0:02:10]} Qxh5+ {[%clk 0:33:05]} 31. Rh2 {[%clk 0:02:01]} Qg6
{[%clk 0:31:52]} 32. Rxh6 {[%clk 0:01:16]} Qg7 {[%clk 0:32:15]} 33. Rh2
{[%clk 0:00:47]} Rg8 {[%clk 0:31:12]} 34. Rg1 {[%clk 0:00:39]} Bg5
{[%clk 0:29:56]} 35. Qf3 {[%clk 0:00:47]} Qd4 {[%clk 0:28:49]} 36. Qh5
{[%clk 0:00:42]} h6 {[%clk 0:28:49]} 37. Qf3 {[%clk 0:00:41]} Qd7
{[%clk 0:28:02]} 38. Qf2 {[%clk 0:00:35]} Rg6 {[%clk 0:24:43]} 39. Rd1
{[%clk 0:00:54]} Qc7 {[%clk 0:24:32]} 40. Kg2 {[%clk 0:00:42]} Kg7
{[%clk 0:21:08]} 41. Rhh1 {[%clk 0:27:43]} Bf6 {[%clk 0:49:19]} 42. Ne2
{[%clk 0:24:43]} Be5 {[%clk 0:48:10]} 43. Kh2 {[%clk 0:13:25]} Rg4
{[%clk 0:43:39]} 44. Kg2 {[%clk 0:11:29]} Bc4 {[%clk 0:42:58]} 45. Rh4
{[%clk 0:08:11]} Bxe2 {[%clk 0:43:05]} 46. Qxe2 {[%clk 0:07:27]} Rxg3+
{[%clk 0:41:27]} 47. Kf2 {[%clk 0:07:43]} Qb6+ {[%clk 0:41:14]} 48. Ke1
{[%clk 0:07:22]} Rg1+ {[%clk 0:41:25]} 49. Kd2 {[%clk 0:07:39]} Qxb2+
{[%clk 0:41:32]} 50. Ke3 {[%clk 0:07:20]} Rg3+ {[%clk 0:41:51]} 0-1

[Event "Danish CPH 2023 for 50+ and 65+"]
[Site "Nyhavnsgade 14, 2. sal. 9000 Aalborg"]
[Date "2023.02.21"]
[Round "3.5"]
[White "Fischer, Johan"]
[Black "Pilgaard, Erik"]
[Result "1-0"]
[BlackElo "1442"]
[WhiteElo "1827"]
[LiveChessVersion "1.4.8"]

1. e4 {[%clk 1:30:57]} e5 {[%clk 1:30:52]} 2. Nc3 {[%clk 1:31:20]} Nf6
{[%clk 1:31:03]} 3. g3 {[%clk 1:31:44]} d5 {[%clk 1:30:08]} 4. exd5
{[%clk 1:31:55]} Nxd5 {[%clk 1:30:08]} 5. Bg2 {[%clk 1:32:18]} c6
{[%clk 1:30:11]} 6. Nf3 {[%clk 1:26:12]} Bd6 {[%clk 1:27:34]} 7. h3
{[%clk 1:23:43]} Bf5 {[%clk 1:24:13]} 8. d3 {[%clk 1:20:57]} O-O {[%clk 1:22:46]}
9. O-O {[%clk 1:18:34]} Nd7 {[%clk 1:20:03]} 10. Bd2 {[%clk 1:16:58]} Re8
{[%clk 1:18:29]} 11. Ne4 {[%clk 1:12:58]} Bc7 {[%clk 1:16:54]} 12. Nh4
{[%clk 1:11:00]} Bg6 {[%clk 1:13:41]} 13. Nxg6 {[%clk 1:08:04]} fxg6
{[%clk 1:13:54]} 14. Re1 {[%clk 1:06:08]} N5f6 {[%clk 1:12:14]} 15. Bc3
{[%clk 1:03:54]} Nd5 {[%clk 1:08:48]} 16. Bd2 {[%clk 1:03:59]} N7f6
{[%clk 1:07:14]} 17. Re2 {[%clk 1:01:34]} Bb6 {[%clk 1:05:12]} 18. Qe1
{[%clk 0:57:56]} Rc8 {[%clk 1:01:54]} 19. Rd1 {[%clk 0:57:03]} Rc7
{[%clk 1:01:58]} 20. b4 {[%clk 0:46:07]} Nxe4 {[%clk 0:57:01]} 21. Rxe4
{[%clk 0:43:47]} Rf7 {[%clk 0:57:01]} 22. Re2 {[%clk 0:42:27]} c5
{[%clk 0:50:53]} 23. Rxe5 {[%clk 0:35:34]} Rxe5 {[%clk 0:48:50]} 24. Qxe5
{[%clk 0:35:54]} Nxb4 {[%clk 0:48:32]} 25. Bxb4 {[%clk 0:35:15]} Re7
{[%clk 0:45:51]} 26. Qd5+ {[%clk 0:34:56]} Qxd5 {[%clk 0:44:50]} 27. Bxd5+
{[%clk 0:35:18]} 1-0

[Event "Danish CPH 2023 for 50+ and 65+"]
[Site "Nyhavnsgade 14, 2. sal. 9000 Aalborg"]
[Date "2023.02.21"]
[Round "3.6"]
[White "Hein, Jacob"]
[Black "Westenborg, Allan"]
[Result "0-1"]
[BlackElo "1772"]
[WhiteElo "1341"]
[LiveChessVersion "1.4.8"]

1. Nf3 {[%clk 1:30:27]} d5 {[%clk 1:30:39]} 2. d4 {[%clk 1:30:28]} Nf6
{[%clk 1:30:57]} 3. Bf4 {[%clk 1:30:47]} c5 {[%clk 1:30:48]} 4. c3
{[%clk 1:31:00]} Qb6 {[%clk 1:30:27]} 5. Qb3 {[%clk 1:30:53]} c4 {[%clk 1:30:45]}
6. Qxb6 {[%clk 1:30:37]} axb6 {[%clk 1:31:07]} 7. Nbd2 {[%clk 1:30:55]} Nc6
{[%clk 1:31:17]} 8. g3 {[%clk 1:31:10]} Bf5 {[%clk 1:30:55]} 9. Bg2
{[%clk 1:31:32]} h6 {[%clk 1:31:17]} 10. O-O {[%clk 1:31:29]} e6 {[%clk 1:31:34]}
11. Rfc1 {[%clk 1:31:33]} b5 {[%clk 1:31:39]} 12. b3 {[%clk 1:31:48]} Ba3
{[%clk 1:31:58]} 13. Re1 {[%clk 1:32:06]} Bb2 {[%clk 1:32:21]} 14. Rad1
{[%clk 1:32:11]} Bc2 {[%clk 1:32:26]} 15. Nxc4 {[%clk 1:32:37]} bxc4
{[%clk 1:32:40]} 16. Rd2 {[%clk 1:33:05]} cxb3 {[%clk 1:33:02]} 17. axb3
{[%clk 1:33:06]} Bxc3 {[%clk 1:32:41]} 18. Rxc2 {[%clk 1:33:20]} Bxe1
{[%clk 1:33:04]} 19. Nxe1 {[%clk 1:33:43]} Nxd4 {[%clk 1:32:58]} 20. Rb2
{[%clk 1:33:54]} Ke7 {[%clk 1:31:39]} 21. Be5 {[%clk 1:33:07]} Nc6
{[%clk 1:31:56]} 22. Bc3 {[%clk 1:33:14]} Rhc8 {[%clk 1:31:58]} 23. Rb1
{[%clk 1:33:19]} e5 {[%clk 1:30:40]} 24. Bh3 {[%clk 1:33:31]} Rc7
{[%clk 1:30:41]} 25. b4 {[%clk 1:33:09]} d4 {[%clk 1:28:42]} 26. Bd2
{[%clk 1:33:24]} Ne4 {[%clk 1:28:53]} 27. b5 {[%clk 1:33:51]} Nxd2
{[%clk 1:29:13]} 28. Rc1 {[%clk 1:34:19]} Nb3 {[%clk 1:28:44]} 29. Rc2
{[%clk 1:34:04]} Kd6 {[%clk 1:28:39]} 30. bxc6 {[%clk 1:33:15]} Rxc6
{[%clk 1:28:42]} 31. Rb2 {[%clk 1:33:28]} Nc5 {[%clk 1:28:39]} 32. Bg2
{[%clk 1:33:47]} Rc7 {[%clk 1:28:59]} 33. Nc2 {[%clk 1:33:58]} Ra6
{[%clk 1:27:24]} 34. h4 {[%clk 1:32:53]} d3 {[%clk 1:23:27]} 35. exd3
{[%clk 1:31:29]} Nxd3 {[%clk 1:23:49]} 36. Rb3 {[%clk 1:31:24]} Nc1
{[%clk 1:22:45]} 37. Rxb7 {[%clk 1:31:21]} Rxb7 38. Bxb7 {[%clk 1:31:39]} Rb6
{[%clk 1:23:04]} 39. Be4 {[%clk 1:31:46]} Ne2+ {[%clk 1:23:03]} 40. Kf1
{[%clk 1:29:57]} Nc3 {[%clk 1:23:17]} 41. Bh7 {[%clk 1:29:46]} Ke7
{[%clk 1:21:43]} 42. Ne3 {[%clk 1:29:53]} g6 {[%clk 1:21:40]} 43. h5
{[%clk 1:30:23]} Kf8 {[%clk 1:21:39]} 44. Nc4 {[%clk 1:30:25]} Re6
{[%clk 1:21:58]} 45. Ne3 {[%clk 1:30:29]} Kg7 {[%clk 1:22:17]} 46. hxg6
{[%clk 1:30:52]} fxg6 {[%clk 1:22:44]} 47. Bxg6 {[%clk 1:30:32]} Kxg6
{[%clk 1:23:08]} 48. Kg2 {[%clk 1:30:50]} h5 {[%clk 1:23:11]} 49. Nc4
{[%clk 1:31:03]} e4 {[%clk 1:22:37]} 50. Ne3 {[%clk 1:31:13]} Rf6
{[%clk 1:22:31]} 51. Nc2 {[%clk 1:30:57]} Nd1 {[%clk 1:22:38]} 52. f4
{[%clk 1:31:01]} exf3+ {[%clk 1:22:59]} 53. Kf1 Nc3 54. Kf2 {[%clk 1:29:53]} Kg5
{[%clk 1:22:37]} 55. Ne3 {[%clk 1:30:03]} Ne4+ {[%clk 1:22:54]} 0-1

[Event "Danish CPH 2023 for 50+ and 65+"]
[Site "Nyhavnsgade 14, 2. sal. 9000 Aalborg"]
[Date "2023.02.21"]
[Round "3.7"]
[White "Lytzen, Lars Erik"]
[Black "Grue, Vibeke"]
[Result "1/2-1/2"]
[BlackElo "986"]
[WhiteElo "1306"]
[LiveChessVersion "1.4.8"]

1. Nf3 {[%clk 1:30:57]} Nc6 {[%clk 1:29:59]} 2. b3 {[%clk 1:30:56]} Nf6
{[%clk 1:30:12]} 3. Bb2 {[%clk 1:31:10]} d5 {[%clk 1:30:01]} 4. d3
{[%clk 1:31:42]} Bf5 {[%clk 1:30:20]} 5. Nbd2 {[%clk 1:32:03]} e6
{[%clk 1:29:54]} 6. g3 {[%clk 1:32:24]} Bd6 {[%clk 1:28:02]} 7. Bg2
{[%clk 1:32:46]} O-O {[%clk 1:27:22]} 8. O-O {[%clk 1:33:07]} e5 {[%clk 1:27:15]}
9. Re1 {[%clk 1:32:43]} h6 {[%clk 1:27:23]} 10. e4 {[%clk 1:32:09]} dxe4
{[%clk 1:26:54]} 11. dxe4 {[%clk 1:32:04]} Be6 {[%clk 1:26:25]} 12. a3
{[%clk 1:30:34]} Bc5 {[%clk 1:25:35]} 13. b4 {[%clk 1:25:25]} Bb6
{[%clk 1:25:50]} 14. c4 {[%clk 1:25:08]} Bd4 {[%clk 1:25:52]} 15. Bxd4
{[%clk 1:23:46]} exd4 {[%clk 1:21:56]} 16. Rc1 {[%clk 1:23:34]} a6
{[%clk 1:19:20]} 17. Nb3 {[%clk 1:23:20]} d3 {[%clk 1:19:09]} 18. Nc5
{[%clk 1:22:01]} Nd4 {[%clk 1:13:52]} 19. Qxd3 {[%clk 1:15:41]} Nxf3+
{[%clk 1:09:56]} 20. Bxf3 {[%clk 1:12:24]} Bh3 {[%clk 1:10:00]} 21. Qxd8
{[%clk 1:11:25]} Raxd8 {[%clk 1:10:16]} 22. Nxb7 {[%clk 1:11:25]} Rd3
{[%clk 1:10:16]} 23. Re3 {[%clk 1:08:25]} Rxe3 {[%clk 1:07:57]} 24. fxe3
{[%clk 1:08:41]} Nd7 {[%clk 1:05:56]} 25. Rd1 {[%clk 1:08:34]} Ne5
{[%clk 1:05:55]} 26. Be2 {[%clk 1:07:37]} c6 {[%clk 1:06:02]} 27. Nc5
{[%clk 1:07:16]} a5 {[%clk 1:03:59]} 28. b5 {[%clk 1:05:44]} f5 {[%clk 1:03:36]}
29. a4 {[%clk 0:56:46]} Bg4 {[%clk 1:03:13]} 30. Bxg4 {[%clk 0:55:15]} Nxg4
{[%clk 1:03:13]} 31. Rd3 {[%clk 0:50:40]} Ne5 {[%clk 0:59:44]} 32. Rc3
{[%clk 0:48:24]} g6 {[%clk 0:59:36]} 33. Kg2 {[%clk 0:47:27]} Rd8
{[%clk 0:58:43]} 34. Rc2 {[%clk 0:41:19]} Ng4 {[%clk 0:57:13]} 35. Kf3
{[%clk 0:38:31]} Kf7 {[%clk 0:56:45]} 36. Nb7 {[%clk 0:35:52]} Rd3
{[%clk 0:49:55]} 37. exf5 {[%clk 0:27:15]} gxf5 {[%clk 0:48:54]} 38. Nxa5
{[%clk 0:24:33]} Nxe3 {[%clk 0:46:48]} 39. Ke2 {[%clk 0:21:18]} Ra3
{[%clk 0:35:26]} 40. Rd2 {[%clk 0:19:10]} cxb5 {[%clk 0:31:53]} 41. axb5
{[%clk 0:17:12]} Ng4 {[%clk 0:29:40]} 42. b6 {[%clk 0:07:07]} Rxa5
{[%clk 0:26:12]} 43. b7 {[%clk 0:07:20]} Re5+ {[%clk 0:26:28]} 44. Kd1
{[%clk 0:07:35]} Re8 {[%clk 0:26:48]} 45. Rd7+ {[%clk 0:06:53]} Ke6
{[%clk 0:21:05]} 46. Rc7 {[%clk 0:07:03]} Rb8 {[%clk 0:18:03]} 47. Rh7
{[%clk 0:04:27]} Kd6 {[%clk 0:15:54]} 48. Kc2 {[%clk 0:03:45]} Kc6
{[%clk 0:11:42]} 49. h3 {[%clk 0:03:50]} Nf2 {[%clk 0:09:29]} 50. Rxh6+
{[%clk 0:01:05]} Kxb7 {[%clk 0:09:18]} 51. h4 {[%clk 0:00:43]} Ng4
{[%clk 0:08:18]} 52. Rh7+ {[%clk 0:30:24]} Kc6 {[%clk 0:36:13]} 53. Kc3
{[%clk 0:29:26]} Re8 {[%clk 0:35:12]} 54. Rf7 {[%clk 0:27:59]} Re5
{[%clk 0:32:05]} 55. Rf8 {[%clk 0:24:27]} Re3+ {[%clk 0:31:41]} 56. Kb4
{[%clk 0:24:03]} Re5 {[%clk 0:30:24]} 57. Rc8+ {[%clk 0:21:10]} Kb6
{[%clk 0:23:50]} 58. Rb8+ {[%clk 0:17:02]} Kc6 {[%clk 0:22:28]} 59. Rb5
{[%clk 0:15:15]} Re1 {[%clk 0:20:42]} 60. Rxf5 {[%clk 0:13:57]} Rb1+
{[%clk 0:19:49]} 61. Kc3 {[%clk 0:13:35]} Rc1+ {[%clk 0:19:28]} 62. Kd2
{[%clk 0:11:30]} Rxc4 {[%clk 0:19:11]} 63. Rf4 {[%clk 0:10:10]} Rxf4
{[%clk 0:17:53]} 64. gxf4 {[%clk 0:10:10]} Kd5 {[%clk 0:18:03]} 65. Kd3
{[%clk 0:10:34]} Ke6 {[%clk 0:18:03]} 66. Ke4 {[%clk 0:10:31]} Kf6
{[%clk 0:17:55]} 67. f5 {[%clk 0:09:49]} Nh6 {[%clk 0:18:01]} 68. Kf4
{[%clk 0:09:35]} Nxf5 {[%clk 0:18:11]} 69. h5 {[%clk 0:09:44]} Ne7
{[%clk 0:17:27]} 70. Kg4 {[%clk 0:09:28]} Ng8 {[%clk 0:17:26]} 71. Kh4
{[%clk 0:09:20]} Kg7 {[%clk 0:17:01]} 72. Kg5 {[%clk 0:09:38]} Nh6 73. Kh4
1/2-1/2

[Event "Danish CPH 2023 for 50+ and 65+"]
[Site "Nyhavnsgade 14, 2. sal. 9000 Aalborg"]
[Date "2023.02.22"]
[Round "4.2"]
[White "Fischer, Johan"]
[Black "Nordenbaek, Jan"]
[Result "0-1"]
[BlackElo "2122"]
[WhiteElo "1827"]
[LiveChessVersion "1.4.8"]

1. d4 {[%clk 1:30:50]} Nf6 {[%clk 1:30:26]} 2. Nf3 {[%clk 1:30:04]} g6
{[%clk 1:30:44]} 3. Bf4 {[%clk 1:29:06]} Bg7 {[%clk 1:30:34]} 4. h3
{[%clk 1:28:39]} d6 {[%clk 1:30:40]} 5. e3 {[%clk 1:28:30]} O-O {[%clk 1:31:04]}
6. Be2 {[%clk 1:24:48]} b6 {[%clk 1:25:03]} 7. O-O {[%clk 1:21:48]} Bb7
{[%clk 1:22:34]} 8. c4 {[%clk 1:14:08]} Nbd7 {[%clk 1:08:45]} 9. Nc3
{[%clk 1:13:51]} Ne4 {[%clk 1:07:00]} 10. Nxe4 {[%clk 1:10:27]} Bxe4
{[%clk 1:07:25]} 11. Nd2 {[%clk 1:09:45]} Bb7 {[%clk 1:07:33]} 12. Bf3
{[%clk 1:07:00]} Bxf3 {[%clk 1:06:36]} 13. Nxf3 {[%clk 1:07:00]} e5
{[%clk 1:04:36]} 14. Bh2 {[%clk 1:06:34]} exd4 {[%clk 1:01:17]} 15. exd4
{[%clk 1:05:59]} Re8 {[%clk 1:00:10]} 16. Re1 {[%clk 1:05:08]} Rxe1+
{[%clk 0:58:40]} 17. Qxe1 {[%clk 1:03:57]} Nf6 {[%clk 0:52:36]} 18. d5
{[%clk 1:00:23]} Nd7 {[%clk 0:52:46]} 19. Qe2 {[%clk 0:55:30]} Nc5
{[%clk 0:44:41]} 20. Rd1 {[%clk 0:46:24]} Qe8 {[%clk 0:34:08]} 21. Re1
{[%clk 0:38:57]} Qxe2 {[%clk 0:30:17]} 22. Rxe2 {[%clk 0:39:16]} Kf8
{[%clk 0:30:01]} 23. Ne1 {[%clk 0:26:49]} Na4 {[%clk 0:28:25]} 24. Nd3
{[%clk 0:22:50]} Re8 {[%clk 0:23:14]} 25. Rxe8+ {[%clk 0:13:27]} Kxe8
{[%clk 0:23:36]} 26. b4 {[%clk 0:13:39]} Nc3 {[%clk 0:21:52]} 27. a3
{[%clk 0:12:26]} b5 {[%clk 0:18:59]} 28. cxb5 {[%clk 0:05:18]} Nxb5
{[%clk 0:18:55]} 29. a4 {[%clk 0:03:02]} Nc3 {[%clk 0:19:15]} 30. Bf4
{[%clk 0:01:39]} Nxa4 {[%clk 0:17:20]} 31. Be3 {[%clk 0:01:24]} a6
{[%clk 0:17:36]} 32. Bd2 {[%clk 0:01:15]} Nb6 {[%clk 0:17:52]} 33. Kf1
{[%clk 0:00:43]} Nxd5 {[%clk 0:18:13]} 34. Ke2 {[%clk 0:00:59]} Kd7
{[%clk 0:17:55]} 35. Kd1 {[%clk 0:01:19]} Kc6 {[%clk 0:18:00]} 36. Kc2
{[%clk 0:01:40]} Kb5 {[%clk 0:18:18]} 37. Kb3 {[%clk 0:01:59]} c5
{[%clk 0:18:39]} 38. bxc5 {[%clk 0:02:06]} dxc5 {[%clk 0:19:02]} 39. Nc1
{[%clk 0:02:04]} c4+ {[%clk 0:18:59]} 40. Kc2 {[%clk 0:02:21]} c3
{[%clk 0:19:13]} 41. Be1 {[%clk 0:02:38]} Kc4 {[%clk 0:19:36]} 42. Nb3
{[%clk 0:02:29]} Nb4+ {[%clk 0:19:59]} 0-1

[Event "Danish CPH 2023 for 50+ and 65+"]
[Site "Nyhavnsgade 14, 2. sal. 9000 Aalborg"]
[Date "2023.02.22"]
[Round "4.3"]
[White "Gronhoj, Benny"]
[Black "Westenborg, Allan"]
[Result "0-1"]
[BlackElo "1772"]
[WhiteElo "1929"]
[LiveChessVersion "1.4.8"]

1. b4 {[%clk 1:30:56]} d5 {[%clk 1:30:47]} 2. Bb2 {[%clk 1:31:08]} Nf6
{[%clk 1:31:10]} 3. e3 {[%clk 1:31:06]} e5 {[%clk 1:28:06]} 4. a3
{[%clk 1:30:33]} Bd6 {[%clk 1:28:19]} 5. c4 {[%clk 1:30:06]} dxc4
{[%clk 1:28:14]} 6. Bxc4 {[%clk 1:30:02]} Qe7 {[%clk 1:27:28]} 7. Nc3
{[%clk 1:27:42]} c6 {[%clk 1:27:38]} 8. Nf3 {[%clk 1:21:40]} Be6 {[%clk 1:24:37]}
9. Qb3 {[%clk 1:20:35]} Bxc4 {[%clk 1:23:59]} 10. Qxc4 {[%clk 1:20:56]} Nbd7
{[%clk 1:23:56]} 11. O-O {[%clk 1:16:53]} O-O {[%clk 1:24:00]} 12. Rac1
{[%clk 1:14:19]} Rfe8 {[%clk 1:18:01]} 13. Ne4 {[%clk 1:09:21]} Nxe4
{[%clk 1:17:54]} 14. Qxe4 {[%clk 1:09:39]} h6 {[%clk 1:13:32]} 15. Nh4
{[%clk 1:04:12]} Nf6 {[%clk 1:00:37]} 16. Qc2 {[%clk 1:03:26]} Qd7
{[%clk 0:57:37]} 17. Nf5 {[%clk 1:01:06]} Rad8 {[%clk 0:56:04]} 18. Nxd6
{[%clk 0:57:02]} Qxd6 {[%clk 0:56:21]} 19. d4 {[%clk 0:54:10]} e4
{[%clk 0:54:38]} 20. h3 {[%clk 0:53:21]} Nd5 {[%clk 0:54:09]} 21. Qe2
{[%clk 0:52:43]} a6 {[%clk 0:54:01]} 22. f3 {[%clk 0:44:35]} Qg6 {[%clk 0:52:46]}
23. Rce1 {[%clk 0:39:32]} f5 {[%clk 0:52:23]} 24. fxe4 {[%clk 0:36:36]} Rxe4
{[%clk 0:49:30]} 25. Qd3 {[%clk 0:27:39]} Rde8 {[%clk 0:46:48]} 26. Bc1
{[%clk 0:20:56]} Nf4 {[%clk 0:36:27]} 27. Qc2 {[%clk 0:15:30]} Nxh3+
{[%clk 0:36:16]} 28. Kh2 {[%clk 0:15:16]} Ng5 {[%clk 0:35:07]} 29. Kg1
{[%clk 0:05:59]} Nh3+ {[%clk 0:32:27]} 30. Kh2 {[%clk 0:06:20]} Qd6+
{[%clk 0:28:06]} 31. Kh1 {[%clk 0:06:40]} Rh4 {[%clk 0:27:09]} 32. gxh3
{[%clk 0:06:27]} Rxh3+ {[%clk 0:27:28]} 33. Kg1 {[%clk 0:06:20]} Rg3+
{[%clk 0:27:38]} 34. Kf2 {[%clk 0:06:33]} Re4 {[%clk 0:25:51]} 35. Qc4+
{[%clk 0:06:26]} Kh7 {[%clk 0:26:14]} 36. Qf7 {[%clk 0:06:20]} Rg6
{[%clk 0:22:48]} 37. Ke2 {[%clk 0:05:56]} Qxd4 {[%clk 0:20:58]} 38. Qxf5
{[%clk 0:05:48]} Qc4+ {[%clk 0:19:24]} 39. Kf3 {[%clk 0:05:42]} Re5
{[%clk 0:16:20]} 40. Qh3 {[%clk 0:01:32]} Rf6+ {[%clk 0:10:50]} 41. Kg3
{[%clk 0:30:04]} Rg5+ {[%clk 0:38:16]} 42. Kh2 {[%clk 0:29:54]} Qc2+
{[%clk 0:37:53]} 43. Kh1 {[%clk 0:29:44]} Qe4+ {[%clk 0:38:03]} 44. Kh2
{[%clk 0:30:04]} Qe5+ {[%clk 0:38:09]} 0-1